Mona Lisa, Mona Lisa - FINNEAS - Statistics

General Stats
  • This quiz has been taken 42 times
  • The average score is 180 of 255
Answer Stats
Hint Answer % Correct
a
97%
Verse 1 I
97%
she
94%
be
88%
had
88%
when
88%
Chorus | Outro When
88%
lisa
85%
mona
85%
my
85%
the
85%
hear
82%
what
82%
could
79%
got
79%
her
79%
me
79%
out
79%
she's
79%
think
79%
wanted
79%
was
79%
an
76%
if
76%
at
73%
even
73%
face
73%
in
73%
it
73%
prettier
73%
responded
73%
we
73%
actual
70%
before
70%
heaven
70%
place
70%
space
70%
to
70%
and
67%
can
67%
couple
67%
doing
67%
gets
67%
knew
67%
like
67%
on
67%
only
67%
outer
67%
staring
67%
this
67%
Verse 2 This
67%
week
67%
ceiling
64%
is
64%
now
64%
quiet
64%
but
61%
car
61%
heart
61%
i'm
61%
medicine
61%
not
61%
took
61%
waited
61%
been
58%
common
58%
friends
58%
met
58%
mind
58%
pocket
58%
race
58%
borrowing
55%
remain
55%
right
55%
seeing
55%
bar
52%
getting
52%
look
52%
name
52%
while
52%
as
48%
come
48%
wrote
48%
asleep
45%
can't
45%
every
45%
falls
45%
freezing
45%
showering
45%
time
45%
wasn't
45%
worried
45%
call
42%
Bridge How
42%
into
42%
leave
42%
music
42%
always
39%
amoeba
36%
breathe
36%
deep
36%
or
36%
staying
36%
codependency
33%
might
33%
standard
33%
independent
30%
shoulda
27%
(for the record)
18%
mid
9%
outisde
3%
No matching quizzes found
Score Distribution
Percent of People with Each Score
Percentile by Number Answered
Your Score History
You have not taken this quiz